00539nam a22001457a 4500008004500000020001800045082001900063110004600082245010000128260006000228300001500288650002200303650003600325650003200361241001b 2022 ||||| |||| 00| 0 eng d a9789280117479 a341.75668bIMO aIMO - International Maritime Organization aIMDG Code : International maritime dangerous goods code - vol. 1bincorporating amendment 41-22 aLondonbIMO - International Maritime Organizationc2022 axiv, 547p. aFlammable liquids aToxic and infectious substances aPacking and tank provisions